00231nam a2200097Ia 4500008004100000041000800041100001300049245005400062260000900116300000800125240521s1999 xx 000 0 und d aeng aYOGER J. aEFFECTIVE BUSINESS AND NONFICTION WRITING 2ND ED. c1999 a163